Catálogo
 En Linea

Viajes por la América Meridional / (Registro nro. 19146)

Detalles MARC
000 -CABECERA
campo de control de longitud fija 01483cam a2200289 a 4500
001 - NÚMERO DE CONTROL
campo de control 000019630
005 - FECHA Y HORA DE LA ÚLTIMA TRANSACCIÓN
campo de control 20200929170101.0
008 - DATOS DE LONGITUD FIJA--INFORMACIÓN GENERAL
campo de control de longitud fija 500101s1969 sp 000 0 spa d
040 ## - FUENTE DE LA CATALOGACIÓN
Centro catalogador/agencia de origen DO-SdBNP
Centro/agencia modificador EQO
-- BNPHU
082 ## - NÚMERO DE LA CLASIFICACIÓN DECIMAL DEWEY
Número de clasificación 918.92
Número de documento/Ítem A992v
100 1# - ENTRADA PRINCIPAL--NOMBRE DE PERSONA
Nombre de persona Azara, Félix de,
Fechas asociadas al nombre 1746-1821
9 (RLIN) 42068
245 10 - MENCIÓN DE TÍTULO
Título Viajes por la América Meridional /
Mención de responsabilidad, etc. Félix de Azara ; traducida del francés por Francisco de las Barras de Aragón.
260 ## - PUBLICACIÓN, DISTRIBUCIÓN, ETC.
Lugar de publicación, distribución, etc. Madrid :
Nombre del editor, distribuidor, etc. Espasa-Calpe,
Fecha de publicación, distribución, etc. 1969.
300 ## - DESCRIPCIÓN FÍSICA
Extensión 326 p. ;
Dimensiones 20 cm.
490 1# - MENCIÓN DE SERIE
Mención de serie Austral. Marrón: ciencia y técnica. Clásicos de la ciencia
Designación de volumen o secuencia 1402
505 0# - NOTA DE CONTENIDO CON FORMATO
Nota de contenido con formato Contienen la descripción geográfica, política y civil del Paraguay y del Río de la Plata; la historia del descubrimiento y conquista de estas regiones; detalles numerosos sobre su historia natural y sobre los pueblos salvajes que las habitan; el relato de los medios empleados por los Jesuitas para someter y civilizar a los indígenas, etc.
500 ## - NOTA GENERAL
Nota general Incluye índice de autores.
650 #4 - PUNTO DE ACCESO ADICIONAL DE MATERIA--TÉRMINO DE MATERIA
Término de materia o nombre geográfico como elemento de entrada Historia natural
Subdivisión geográfica Paraguay
9 (RLIN) 42069
651 #4 - PUNTO DE ACCESO ADICIONAL DE MATERIA--NOMBRE GEOGRÁFICO
Nombre geográfico Río De La Plata (Virreinato{Rpara}
9 (RLIN) 42070
650 #4 - PUNTO DE ACCESO ADICIONAL DE MATERIA--TÉRMINO DE MATERIA
Término de materia o nombre geográfico como elemento de entrada Indígenas de paraguay
9 (RLIN) 42071
651 #4 - PUNTO DE ACCESO ADICIONAL DE MATERIA--NOMBRE GEOGRÁFICO
Nombre geográfico Paraguay
Subdivisión general Descripciones Y Viajes
9 (RLIN) 42072
651 #4 - PUNTO DE ACCESO ADICIONAL DE MATERIA--NOMBRE GEOGRÁFICO
Nombre geográfico América
Subdivisión general Descripciones Y Viajes
9 (RLIN) 867
700 1# - PUNTO DE ACCESO ADICIONAL--NOMBRE DE PERSONA
Nombre de persona Barras de Aragón, Francisco de Las,
Fechas asociadas al nombre 1868-1955,
Término indicativo de función/relación tr.
9 (RLIN) 42073
830 #0 - PUNTO DE ACCESO ADICIONAL DE SERIE-TÍTULO UNIFORME
Título uniforme Austral. Marrón: ciencia y técnica. Clásicos de la ciencia ;
Designación de volumen o secuencia 1402
9 (RLIN) 42074
910 ## - DATOS DE OPCIÓN DEL USUARIO (OCLC)
Datos de opción del usuario Catalogación derivada /Oxford
910 ## - DATOS DE OPCIÓN DEL USUARIO (OCLC)
Datos de opción del usuario WM
Existencias
Estado de retiro Estado de pérdida Restricciones de uso No para préstamo Código de colección Localización permanente Ubicación/localización actual Ubicación en estantería Fecha de adquisición Número de inventario Total de préstamos Signatura topográfica completa Código de barras Fecha visto por última vez Precio válido a partir de Tipo de ítem Koha
        Monografías: Libros y Folletos General General Depósito 01.07.2010 LF1   918.92 A992v 19630-10 25.06.2020 25.06.2020 Préstamo en sala

Con tecnología Koha